<?xml version="1.0" encoding="UTF-8"?>
<collection xmlns="http://www.loc.gov/MARC21/slim">
 <record>
  <leader>02439nam a2200253 a 4500</leader>
  <controlfield tag="001">1/49514</controlfield>
  <controlfield tag="008">201102s2020    enk      b    00010 eng  </controlfield>
  <datafield tag="020" ind1=" " ind2=" ">
   <subfield code="a">9783030408497</subfield>
  </datafield>
  <datafield tag="035" ind1=" " ind2=" ">
   <subfield code="l">52524</subfield>
  </datafield>
  <datafield tag="040" ind1=" " ind2=" ">
   <subfield code="a">GR-PeUP</subfield>
  </datafield>
  <datafield tag="082" ind1="0" ind2="0">
   <subfield code="a">610.28563 MAC</subfield>
  </datafield>
  <datafield tag="245" ind1="0" ind2="0">
   <subfield code="a">Machine learning with health care perspective :</subfield>
   <subfield code="b">machine learning and healthcare /</subfield>
   <subfield code="c">Vishal Jain, Jyotir Moy Chatterjee, editors.</subfield>
  </datafield>
  <datafield tag="260" ind1="0" ind2=" ">
   <subfield code="a">Cham :</subfield>
   <subfield code="b">Springer,</subfield>
   <subfield code="c">2020.</subfield>
  </datafield>
  <datafield tag="300" ind1=" " ind2=" ">
   <subfield code="a">415 σ. ;</subfield>
   <subfield code="c">24 εκ.</subfield>
  </datafield>
  <datafield tag="490" ind1="1" ind2=" ">
   <subfield code="a">Learning and analytics in intelligent systems ;</subfield>
  </datafield>
  <datafield tag="500" ind1=" " ind2=" ">
   <subfield code="a">Contents: Chapter 1: Machine learning for Healthcare: Introduction -- Chapter 2: Artificial Intelligence in Medical Diagnosis: Methods, algorithms and applications -- Chapter 3: Intelligent Learning Analytics in Healthcare Sector Using Machine Learning -- Chapter 4: Unsupervised Learning on Healthcare Survey Data with Particle Swarm Optimization -- Chapter 5: Machine Learning for Healthcare Diagnostics -- Chapter 6: Disease Detection System (DDS) Using Machine Learning Technique -- Chapter 7: Knowledge Discovery (Feature Identification) from Teeth, Wrist and Femur Images to determine Human Age and Gender -- Chapter 8: Deep Learning Solutions for Skin Cancer Detection and Diagnosis -- Chapter 9: Security of Healthcare Systems with Smart Health Records using Cloud Technology -- Chapter 10: Intelligent Heart Disease Prediction on Physical and Mental Parameters: A ML Based IoT and Big Data Application and Analysis -- Chapter 11: Medical Text and image processing: Applications, issues and challenges -- Chapter 12: Machine Learning Methods for Managing Parkinsons Disease -- Chapter 13: An Efficient Method for Computer-aided Diagnosis of Cardiac Arrhythmias -- Chapter 14: Clinical decision support systems and predictive analytics -- Chapter 15: Yajna and Mantra Science Bringing Health and Comfort to Indo-Asian Public: A Healthcare 4.0 Approach and Computational Study -- Chapter 16: Identifying Diseases and Diagnosis using Machine Learning.</subfield>
  </datafield>
  <datafield tag="504" ind1=" " ind2=" ">
   <subfield code="a">Περιλαμβάνει βιβλιογραφία.</subfield>
  </datafield>
  <datafield tag="650" ind1=" " ind2="4">
   <subfield code="a">Artificial intelligence</subfield>
   <subfield code="x">Medical applications.</subfield>
  </datafield>
  <datafield tag="650" ind1=" " ind2="4">
   <subfield code="a">Machine learning.</subfield>
  </datafield>
  <datafield tag="700" ind1="1" ind2=" ">
   <subfield code="a">Jain, Vishal,</subfield>
   <subfield code="d">1983-</subfield>
  </datafield>
  <datafield tag="700" ind1="1" ind2=" ">
   <subfield code="a">Chatterjee, Jyotir Moy.</subfield>
  </datafield>
  <datafield tag="830" ind1=" " ind2="2">
   <subfield code="a">Learning and analytics in intelligent systems ;</subfield>
   <subfield code="v">13</subfield>
  </datafield>
  <datafield tag="852" ind1=" " ind2=" ">
   <subfield code="a">INST</subfield>
   <subfield code="b">UNIPILB</subfield>
   <subfield code="c">MAIN</subfield>
   <subfield code="e">20201102</subfield>
   <subfield code="h">610.28563 MAC</subfield>
   <subfield code="p">00183749</subfield>
   <subfield code="q">00183749</subfield>
   <subfield code="t">LOAN</subfield>
   <subfield code="y">4</subfield>
   <subfield code="x">20230110</subfield>
   <subfield code="4">1</subfield>
  </datafield>
  <datafield tag="856" ind1="4" ind2=" ">
   <subfield code="d">/webopac/covers/03/52524_9783030408497.jpg</subfield>
  </datafield>
 </record>
</collection>
